[Event "Candidates FED U16 Online"]
[Site "chess.com INT"]
[Date "2020.04.18"]
[Round "1.1"]
[Board "1"]
[White "Huang, Renjie"]
[Black "Nihal, Sarin"]
[Result "1/2-1/2"]
[BlackTitle "GM"]
[WhiteElo "2422"]
[BlackElo "2620"]
[WhiteTeam "CHN"]
[BlackTeam "FIDE"]
[WhiteFideId "8610134"]
[BlackFideId "25092340"]
[EventDate "2020.04.18"]
[EventType "team (rapid)"]

1. e4 c5 2. Nf3 d6 3. Bb5+ Nd7 4. O-O a6 5. Bd3 Ngf6 6. Re1 g6 7. c3 b5 8. Bc2
Bb7 9. d4 cxd4 10. cxd4 Bg7 11. h3 O-O 12. Bf4 Rc8 13. Nbd2 Nb6 14. Rc1 Qd7 15.
Qe2 Nc4 16. Nxc4 Rxc4 17. Rcd1 e6 18. Bb3 Rcc8 19. e5 dxe5 20. Nxe5 Qd8 21. Bg5
Bd5 22. Ng4 Bxb3 23. axb3 h5 24. Nxf6+ Bxf6 25. Bxf6 Qxf6 26. d5 exd5 27. Rxd5
Kg7 28. Qd2 Rfd8 29. Rxd8 Rxd8 30. Qc3 Rd6 31. Rc1 Re6 32. Kf1 Kf8 33. Qxf6 Rxf6
34. Ke2 Rd6 35. Rc7 Kg7 36. Ra7 Kf6 37. Ke3 Ke6 38. Ke4 f5+ 39. Ke3 Kf6 40. h4
Ke5 41. g3 f4+ 42. gxf4+ Kf5 43. Kf3 Rd3+ 44. Kg2 Rxb3 45. Rxa6 b4 46. Rb6 Rxb2
47. Kf3 Rb3+ 48. Kg2 Rb1 49. Kf3 b3 50. Rb5+ Ke6 51. Rb6+ Kf5 52. Rb5+ Ke6 53.
Rb6+ Kf5 1/2-1/2

[Event "Candidates FED U16 Online"]
[Site "chess.com INT"]
[Date "2020.04.18"]
[Round "1.1"]
[Board "2"]
[White "Abdusattorov, Nodirbek"]
[Black "Zhu, Hengyi"]
[Result "1/2-1/2"]
[WhiteTitle "GM"]
[WhiteElo "2627"]
[BlackElo "2202"]
[WhiteTeam "FIDE"]
[BlackTeam "CHN"]
[WhiteFideId "14204118"]
[BlackFideId "8611211"]
[EventDate "2020.04.18"]
[EventType "team (rapid)"]

1. e4 e6 2. d4 d5 3. Nc3 Nf6 4. exd5 exd5 5. Bd3 c6 6. Nge2 Bd6 7. Bg5 Nbd7 8.
Qd2 b5 9. O-O O-O 10. Nd1 Re8 11. f3 Nf8 12. Nf2 Ng6 13. a4 b4 14. Rae1 h6 15.
Be3 Nh4 16. Bf4 Bf5 17. Ng3 Bxf4 18. Qxf4 Bxd3 19. Nxd3 Ng6 20. Qd2 a5 21. c3
Qb6 22. Nc5 bxc3 23. Qxc3 Nf4 24. Qd2 Ne6 25. Nxe6 fxe6 26. Rf2 c5 27. dxc5 Qxc5
28. Ne2 Rab8 29. Nd4 Qb4 30. Rxe6 Rxe6 31. Nxe6 Qxa4 32. Re2 Qb4 33. Nd4 Qxd2
34. Rxd2 a4 35. Kf2 Kf7 36. Ke3 Nd7 37. Nf5 Nb6 38. Kd4 Nc4 39. Rd3 Nxb2 40. Ra3
Rb3 41. Ra2 Rd3+ 42. Kc5 a3 43. Nd6+ Ke6 44. Nb5 Nc4 45. Re2+ Kf6 46. Ra2 Ne3
47. Nxa3 Nxg2 48. Nb5 Nf4 49. Ra6+ Ne6+ 50. Kd6 Kf5 51. Ra7 Kf6 52. Ra6 Ng5 53.
Nc7 Nxf3 54. Nxd5+ Kg5 55. h3 Kh4 56. Ra7 g5 57. Ke6 Kxh3 58. Nf6 h5 59. Nxh5
Kg4 60. Nf6+ Kg3 61. Ra4 Rd4 62. Ra3 g4 63. Kf5 Rf4+ 64. Kg6 Kg2 65. Ra2+ Kg1
66. Ra1+ Kg2 67. Ra2+ Kh3 68. Nh5 Rb4 69. Ra3 Kg2 70. Kf5 g3 71. Nf4+ Kh2 72.
Rxf3 Rxf4+ 73. Rxf4 g2 74. Rh4+ Kg3 75. Rg4+ Kf3 76. Rf4+ Kg3 77. Rg4+ Kf2 78.
Kf4 g1=Q 79. Rxg1 Kxg1 1/2-1/2

[Event "Candidates FED U16 Online"]
[Site "chess.com INT"]
[Date "2020.04.18"]
[Round "1.1"]
[Board "3"]
[White "Zhang, Di"]
[Black "Keymer, Vincent"]
[Result "1-0"]
[BlackTitle "GM"]
[WhiteElo "2108"]
[BlackElo "2558"]
[WhiteTeam "CHN"]
[BlackTeam "FIDE"]
[WhiteFideId "8616590"]
[BlackFideId "12940690"]
[EventDate "2020.04.18"]
[EventType "team (rapid)"]

1. Nf3 d5 2. g3 Bg4 3. Bg2 c6 4. O-O Nf6 5. d4 e6 6. h3 Bh5 7. c4 Nbd7 8. cxd5
exd5 9. Qb3 Qb6 10. Qe3+ Be7 11. Nh4 Bg6 12. Nxg6 hxg6 13. Nc3 Qd8 14. Qd3 O-O
15. h4 Re8 16. Bd2 Nf8 17. Rab1 a5 18. a3 Bd6 19. Rfc1 Qe7 20. Bf3 Ne4 21. Be1
f5 22. e3 Nh7 23. b4 g5 24. hxg5 Nhxg5 25. Bg2 Qf7 26. Qd1 Re6 27. Ne2 Rh6 28.
Nf4 axb4 29. axb4 Ra2 30. Qb3 Rd2 31. Bxd2 Nxd2 32. Qd1 Nxb1 33. Rxb1 Bxf4 34.
exf4 Ne4 35. Ra1 Re6 36. Bf3 g6 37. Kg2 Nf6 38. Ra8+ Re8 39. Rxe8+ Qxe8 40. Qa4
Qb8 41. b5 Qc7 42. Qb4 Kf7 43. bxc6 bxc6 44. Qc5 Qd7 45. Qb6 Ne8 46. Be2 Nd6 47.
Bd1 Ne4 48. Ba4 Nc3 49. Bxc6 Qe7 50. Qb7 Qxb7 51. Bxb7 Ke6 52. Ba6 Na4 53. Kf3
Nb6 54. Bd3 Nc8 55. Ke3 Ne7 56. f3 Kf6 57. g4 Ke6 58. Kd2 Kf6 59. Ke3 Ke6 60.
Bb5 Kd6 61. Kd3 Kc7 62. Kc3 Kb6 63. Be8 Ka5 64. Kb3 Ka6 65. Kb4 Kb6 66. g5 Kc7
67. Kc5 Kd8 68. Bf7 Kd7 69. Bxd5 Nc8 70. Bf7 Ne7 71. d5 Nc8 72. Be6+ Kc7 73.
Bxc8 Kxc8 74. Kd6 Kd8 75. Ke6 Ke8 76. d6 Kd8 77. d7 Kc7 78. Ke7 1-0

[Event "Candidates FED U16 Online"]
[Site "chess.com INT"]
[Date "2020.04.18"]
[Round "1.1"]
[Board "4"]
[White "Assaubayeva, Bibisara"]
[Black "Ning, Kaiyu"]
[Result "1/2-1/2"]
[WhiteTitle "FM"]
[BlackTitle "WIM"]
[WhiteElo "2364"]
[BlackElo "2327"]
[WhiteTeam "FIDE"]
[BlackTeam "CHN"]
[WhiteFideId "13708694"]
[BlackFideId "8614750"]
[EventDate "2020.04.18"]
[EventType "team (rapid)"]

1. d4 d5 2. c4 e6 3. Nf3 Nf6 4. g3 dxc4 5. Bg2 Nc6 6. Qa4 Bb4+ 7. Bd2 Nd5 8.
Bxb4 Nxb4 9. Nc3 Bd7 10. O-O a5 11. Qd1 O-O 12. Nd2 Nxd4 13. Bxb7 Rb8 14. Bg2 c5
15. Nxc4 Bc8 16. e3 Ba6 17. b3 Bxc4 18. bxc4 Ndc2 19. Rc1 Qxd1 20. Rfxd1 Rfd8
21. a4 f5 22. Nb5 Kf7 23. Bf3 Ke7 24. Kf1 g5 25. h3 f4 26. Ke2 fxe3 27. fxe3
Rxd1 28. Rxd1 Na2 29. Bc6 Ncb4 30. Rd7+ Ke8 31. Nc7+ Kf8 32. Nxe6+ Kg8 33. Bd5
Nc3+ 34. Kf3 Ncxd5 35. cxd5 c4 36. d6 Re8 37. Rg7+ Kh8 38. Re7 Rg8 39. d7 Nc6
40. Re8 Ne5+ 41. Ke4 Nxd7 42. Rxg8+ Kxg8 43. Kd4 Nb6 44. Nxg5 Nxa4 45. Kxc4 Nb6+
46. Kb5 a4 47. Kb4 Nd5+ 48. Kxa4 Nxe3 49. Kb4 Kg7 50. Kc3 Kg6 51. Kd3 Nf5 52.
Ne4 h5 53. Ke2 Nd4+ 54. Ke3 Ne6 55. Kf3 Kf5 56. Nd6+ Ke5 57. Nc4+ Kf5 58. Ne3+
Ke5 59. h4 Nd4+ 60. Kf2 Ke4 61. Ng2 Ne6 62. Ke2 Nd4+ 63. Kf2 Ne6 64. Ne3 Nd4 65.
Nc4 Ne6 66. Nd2+ Kd3 67. Nf3 Ke4 68. Ke2 Kf5 69. Ke3 Kg4 70. Kf2 Kf5 71. Ne1 Nc5
72. Kf3 Nb3 73. Nc2 Nd2+ 74. Ke3 Nc4+ 75. Kd4 Kg4 76. Kxc4 Kxg3 77. Kd3 Kxh4 78.
Ke2 Kg3 79. Ne3 h4 80. Nf5+ Kg4 81. Nxh4 1/2-1/2

[Event "Candidates FED U16 Online"]
[Site "chess.com INT"]
[Date "2020.04.18"]
[Round "1.1"]
[Board "5"]
[White "Song, Yuxin"]
[Black "Hernandez Gil, Ineymig"]
[Result "1-0"]
[WhiteTitle "WIM"]
[BlackTitle "WFM"]
[WhiteElo "2290"]
[BlackElo "2348"]
[WhiteTeam "CHN"]
[BlackTeam "FIDE"]
[WhiteFideId "8614300"]
[BlackFideId "3526216"]
[EventDate "2020.04.18"]
[EventType "team (rapid)"]

1. e4 c6 2. d4 d5 3. e5 Bf5 4. Nf3 e6 5. Be2 Ne7 6. O-O Nd7 7. c3 h6 8. a4 g5 9.
Na3 Bg7 10. Ne1 Qc7 11. Bd3 O-O-O 12. f4 f6 13. Bxf5 Nxf5 14. Nd3 fxe5 15. fxe5
Rdf8 16. Qe2 Kb8 17. b4 Nh4 18. Bd2 Rf5 19. Rxf5 Nxf5 20. Rf1 Rf8 21. a5 a6 22.
Qh5 Qd8 23. Qg6 Qe7 24. g3 Rf7 25. g4 Nf8 26. Qh5 Nd6 27. exd6 Rxf1+ 28. Kxf1
Qxd6 29. Qh3 Ka7 30. Nc2 Ng6 31. Be1 Qf8+ 32. Kg2 Nf4+ 33. Nxf4 Qxf4 34. Qf3 Qc1
35. Qe2 Qf4 36. Bg3 Qc1 37. h3 Qb2 38. Be1 Qc1 39. Qd2 Qb2 40. Ne3 Qb1 41. Qe2
Qe4+ 42. Qf3 Qb1 43. Bf2 Qb2 44. Nf1 Qc2 45. Ng3 Ka8 46. Nh5 Bh8 47. Qf8+ Ka7
48. Qxh8 Qxc3 49. Qf8 Qd2 50. Nf6 Qf4 51. Nd7 Qe4+ 52. Kh2 1-0

[Event "Candidates FED U16 Online"]
[Site "chess.com INT"]
[Date "2020.04.18"]
[Round "1.2"]
[Board "1"]
[White "Murzin, Volodar"]
[Black "Hong, Andrew"]
[Result "0-1"]
[WhiteTitle "IM"]
[BlackTitle "IM"]
[WhiteElo "2465"]
[BlackElo "2444"]
[WhiteTeam "RUS"]
[BlackTeam "USA"]
[WhiteFideId "44155573"]
[BlackFideId "2099438"]
[EventDate "2020.04.18"]
[EventType "team (rapid)"]

1. e4 c5 2. Nf3 d6 3. d4 cxd4 4. Nxd4 Nf6 5. Nc3 a6 6. Be3 e5 7. Nb3 Be7 8. f3
Be6 9. Qd2 Nbd7 10. O-O-O b5 11. g4 Nb6 12. g5 Nh5 13. Nd5 Nxd5 14. exd5 Bd7 15.
Na5 Qc7 16. Kb1 O-O 17. Nc6 Bxc6 18. dxc6 d5 19. Bh3 d4 20. Bf2 Qxc6 21. Bg4 Qg6
22. h4 Rfe8 23. Rhe1 Bf8 24. Ka1 Rad8 25. Bg1 f5 26. gxf6 Nxf6 27. Bh3 Nd5 28.
Qg5 Qxc2 29. Be6+ Kh8 30. Bf7 Re7 31. Bxd5 Rxd5 32. Rc1 Qg6 33. Rc8 Rf7 34. Qe7
Kg8 35. Qe8 Qf5 36. Bh2 Qd7 37. Bxe5 Qxe8 38. Rxe8 Rxf3 39. a3 d3 40. Bc3 g6 0-1

[Event "Candidates FED U16 Online"]
[Site "chess.com INT"]
[Date "2020.04.18"]
[Round "1.2"]
[Board "2"]
[White "Yoo, Christopher Woojin"]
[Black "Pogosyan, Stefan"]
[Result "1/2-1/2"]
[WhiteTitle "IM"]
[BlackTitle "IM"]
[WhiteElo "2455"]
[BlackElo "2442"]
[WhiteTeam "USA"]
[BlackTeam "RUS"]
[WhiteFideId "30909694"]
[BlackFideId "34159867"]
[EventDate "2020.04.18"]
[EventType "team (rapid)"]

1. e4 Nc6 2. Nf3 e5 3. Bb5 a6 4. Ba4 Nf6 5. d4 exd4 6. O-O Be7 7. e5 Ne4 8. Nxd4
O-O 9. Re1 Nc5 10. Bxc6 dxc6 11. Nc3 Re8 12. Be3 Bf8 13. f4 Ne6 14. Nf3 Qxd1 15.
Raxd1 Nc5 16. h3 Be6 17. g4 Rad8 18. Kg2 Bd5 19. Nxd5 cxd5 20. f5 c6 21. Bf4 Ne4
22. Nd2 Nxd2 23. Rxd2 Bc5 24. h4 b5 25. h5 d4 26. Rde2 Bb4 27. Rd1 Rd5 28. Kf3
Ba5 29. h6 Bc7 30. hxg7 Kxg7 31. f6+ Kg8 32. Rh1 Re6 33. Rh5 d3 34. cxd3 Rxd3+
35. Ke4 Rd1 36. Kf5 Rd5 37. Ke4 Rd1 38. Kf5 Rd5 39. Ke4 Rd1 1/2-1/2

[Event "Candidates FED U16 Online"]
[Site "chess.com INT"]
[Date "2020.04.18"]
[Round "1.2"]
[Board "3"]
[White "Makarian, Rudik"]
[Black "Shlyakhtenko, Robert"]
[Result "1-0"]
[WhiteTitle "IM"]
[BlackTitle "FM"]
[WhiteElo "2442"]
[BlackElo "2342"]
[WhiteTeam "RUS"]
[BlackTeam "USA"]
[WhiteFideId "44105681"]
[BlackFideId "30936934"]
[EventDate "2020.04.18"]
[EventType "team (rapid)"]

1. d4 Nf6 2. c4 c5 3. dxc5 e6 4. g3 Bxc5 5. Bg2 O-O 6. Nf3 d5 7. O-O h6 8. cxd5
exd5 9. a3 Ne4 10. b4 Bb6 11. Bb2 Nc6 12. Nbd2 Bg4 13. Nb3 Re8 14. Rc1 a5 15. b5
Ne7 16. Nbd4 Ng6 17. a4 Qd7 18. Nb3 h5 19. Bd4 Bd8 20. Nc5 Qf5 21. Nxe4 dxe4 22.
Nd2 Bh3 23. Rc5 Qd7 24. Nc4 Bxg2 25. Kxg2 h4 26. Bb2 Qg4 27. Ne3 Qe6 28. Qd5 Bb6
29. Qxe6 Rxe6 30. Rd5 Bxe3 31. fxe3 Rc8 32. Rc1 Rxc1 33. Bxc1 hxg3 34. hxg3 Ne7
35. Rd8+ Kh7 36. Rd7 b6 37. g4 Kg6 38. Bb2 f5 39. Kg3 fxg4 40. Kxg4 Nf5 41. Bd4
Ne7 42. Rb7 Nd5 43. Rxg7+ Kh6 44. Rd7 Nb4 45. Kf5 Re8 46. Be5 Rf8+ 47. Kxe4 Nc2
48. Bg7+ 1-0

[Event "Candidates FED U16 Online"]
[Site "chess.com INT"]
[Date "2020.04.18"]
[Round "1.2"]
[Board "5"]
[White "Nur-Mukhametova, Alisa"]
[Black "Wu, Rochelle"]
[Result "0-1"]
[BlackTitle "WIM"]
[WhiteElo "2262"]
[BlackElo "2028"]
[WhiteTeam "RUS"]
[BlackTeam "USA"]
[WhiteFideId "54117739"]
[BlackFideId "30908132"]
[EventDate "2020.04.18"]
[EventType "team (rapid)"]

1. e4 c5 2. Nf3 d6 3. Bb5+ Nd7 4. O-O a6 5. Bxd7+ Bxd7 6. d4 cxd4 7. Qxd4 Nf6 8.
Bg5 Qc7 9. Nc3 Rc8 10. Rad1 Qc5 11. Qd2 h6 12. Bh4 g5 13. Bg3 Bg7 14. e5 dxe5
15. Ne4 Qb5 16. Nxf6+ Bxf6 17. Bxe5 Bxe5 18. Nxe5 Bf5 19. Qd4 O-O 20. c4 Qc5 21.
b3 Bc2 22. Rd2 Qxd4 23. Rxd4 Rfd8 24. Nf3 f6 25. Rc1 Rxd4 26. Nxd4 Bg6 27. Rd1
Rd8 28. Rd2 Kf7 29. Kf1 e5 30. Nf3 Rxd2 31. Nxd2 Ke6 32. Ke2 Kd6 33. Ke3 f5 34.
g3 f4+ 35. gxf4 exf4+ 36. Kf3 Ke5 37. h3 Bf5 38. Kg2 Kd4 39. Nf3+ Kc3 40. Ne5
Be6 41. h4 Kb2 42. hxg5 hxg5 43. Nf3 g4 44. Ng5 Bf5 45. b4 Kxa2 46. b5 axb5 47.
cxb5 Kb3 48. f3 Kb4 49. Nf7 Kc5 50. Ne5 g3 51. Nf7 Bg6 52. Ng5 Bf5 53. Nf7 b6
54. Kg1 Bh3 55. Ne5 Kxb5 56. Nd3 Kc4 57. Nxf4 Bf5 58. Kg2 b5 59. Ne2 b4 60. Kxg3
b3 0-1

[Event "Candidates FED U16 Online"]
[Site "chess.com INT"]
[Date "2020.04.18"]
[Round "1.3"]
[Board "1"]
[White "Maurizzi, Marc Andria"]
[Black "Han, Yichen"]
[Result "1-0"]
[WhiteTitle "IM"]
[BlackTitle "FM"]
[WhiteElo "2433"]
[BlackElo "2307"]
[WhiteTeam "FRA"]
[BlackTeam "NED"]
[WhiteFideId "36083534"]
[BlackFideId "1054430"]
[EventDate "2020.04.18"]
[EventType "team (rapid)"]

1. e4 e5 2. Nf3 Nc6 3. Bc4 Nf6 4. d3 Be7 5. O-O O-O 6. Re1 d6 7. a3 Kh8 8. h3
Ng8 9. Nc3 f5 10. Nd5 Bf6 11. b4 a6 12. Bb3 Nd4 13. Nxd4 exd4 14. Bb2 c6 15.
Nxf6 Qxf6 16. Qd2 Ne7 17. c3 dxc3 18. Bxc3 Qg6 19. e5 d5 20. e6 f4 21. Kh2 f3
22. g3 Nf5 23. g4 Nh6 24. Re5 Rg8 25. Rae1 a5 26. Rg5 Qe8 27. Rxg7 Rxg7 28. Qxh6
Qe7 29. b5 Kg8 30. Bxg7 Qxg7 31. e7 Bd7 32. Qd6 Be8 33. Re5 Kh8 34. Rf5 Bf7 35.
Qd8+ Qg8 36. Qxa8 Qxa8 37. Rxf7 Qb8+ 38. Kh1 Qe5 39. Rf8+ Kg7 40. e8=Q Qa1+ 41.
Kh2 Qf1 42. Qe7+ Kh6 43. Qf6# 1-0

[Event "Candidates FED U16 Online"]
[Site "chess.com INT"]
[Date "2020.04.18"]
[Round "1.3"]
[Board "2"]
[White "Elgersma, Onno"]
[Black "Razafindratsima, Timothe"]
[Result "0-1"]
[WhiteTitle "FM"]
[BlackTitle "FM"]
[WhiteElo "2298"]
[BlackElo "2336"]
[WhiteTeam "NED"]
[BlackTeam "FRA"]
[WhiteFideId "1053531"]
[BlackFideId "36069884"]
[EventDate "2020.04.18"]
[EventType "team (rapid)"]

1. d3 d5 2. Nf3 c5 3. g3 Nc6 4. Bg2 Nf6 5. O-O g6 6. Nbd2 Bg7 7. e4 O-O 8. exd5
Nxd5 9. Re1 e5 10. Nc4 Re8 11. c3 Rb8 12. a4 Bf5 13. Ng5 h6 14. Ne4 Bxe4 15.
dxe4 Nc7 16. Be3 b6 17. Bh3 Ne6 18. Qe2 Qe7 19. Rad1 Red8 20. Bc1 Ng5 21. Bg2
Qc7 22. Ne3 Ne7 23. h4 Ne6 24. Bh3 Qc6 25. Qc4 Kh7 26. Nd5 Nc8 27. h5 Nd6 28.
hxg6+ fxg6 29. Qe2 Nc7 30. Qg4 Nxd5 31. exd5 Qe8 32. Qh4 Qf7 33. Be6 Qf3 34. Bg4
Qf7 35. Bh3 Nf5 36. Qe4 Nd6 37. Qe2 Rf8 38. Be3 Nf5 39. Kg2 Nxe3+ 40. Qxe3 Rbd8
41. c4 Qb7 42. b3 a6 43. Bg4 b5 44. axb5 axb5 45. Be2 bxc4 46. Bxc4 Qc7 47. Qe4
Qd6 48. Re2 Ra8 49. Rh1 Ra3 50. Rd1 Rfa8 51. Qf3 Rf8 52. Qe4 Ra7 53. Rd3 Rf6 54.
Rf3 Rxf3 55. Qxf3 Ra8 56. Qe4 Rf8 57. Re3 Ra8 58. Rf3 Kg8 59. Bd3 Ra1 60. Qxg6
Qxg6 61. Bxg6 Rd1 62. Be4 Rd4 63. Bf5 Kh8 64. Be6 e4 65. Rf7 Be5 66. Rf8+ Kg7
67. Rc8 Rd2 68. Kf1 Bd4 69. Ke1 Rxf2 70. Rg8+ Kh7 71. Re8 e3 72. d6 Bc3+ 73. Kd1
e2+ 74. Kc2 e1=Q+ 75. Kd3 Qd2+ 76. Kc4 Qxd6 0-1

[Event "Candidates FED U16 Online"]
[Site "chess.com INT"]
[Date "2020.04.18"]
[Round "1.3"]
[Board "3"]
[White "Boyer, Mahel"]
[Black "Van Dael, Siem"]
[Result "1-0"]
[WhiteTitle "FM"]
[BlackTitle "FM"]
[WhiteElo "2294"]
[BlackElo "2293"]
[WhiteTeam "FRA"]
[BlackTeam "NED"]
[WhiteFideId "45102422"]
[BlackFideId "1049771"]
[EventDate "2020.04.18"]
[EventType "team (rapid)"]

1. e4 c5 2. d3 g6 3. g3 Bg7 4. Bg2 Nc6 5. f4 d6 6. Nf3 e6 7. O-O Nge7 8. c3 O-O
9. Be3 Qb6 10. Qd2 f5 11. Na3 a6 12. Bf2 Qc7 13. Rfe1 b6 14. Re2 fxe4 15. dxe4
e5 16. Nc4 Be6 17. Ne3 Na5 18. Ng5 Qd7 19. f5 Bf7 20. Bh3 Qc6 21. Nxf7 Kxf7 22.
Nd5 Nxd5 23. exd5 Qc7 24. fxg6+ hxg6 25. Be6+ Ke7 26. Qd3 Bf6 27. Qxg6 Rh8 28.
Qf7+ 1-0

[Event "Candidates FED U16 Online"]
[Site "chess.com INT"]
[Date "2020.04.18"]
[Round "1.3"]
[Board "4"]
[White "Roebers, Eline"]
[Black "Tomasi, Elise"]
[Result "1-0"]
[WhiteElo "2066"]
[BlackElo "2030"]
[WhiteTeam "NED"]
[BlackTeam "FRA"]
[WhiteFideId "1058401"]
[BlackFideId "26088843"]
[EventDate "2020.04.18"]
[EventType "team (rapid)"]

1. e4 c5 2. Nf3 Nc6 3. d4 cxd4 4. Nxd4 e5 5. Nb5 d6 6. N1c3 a6 7. Na3 b5 8. Nd5
Nge7 9. Bg5 h6 10. Bxb5 hxg5 11. Nxe7 axb5 12. Nxc6 Qb6 13. Nb4 Bb7 14. Nd5 Qa5+
15. c3 Rc8 16. Nc2 Qd8 17. Nce3 g6 18. O-O Bg7 19. Qe2 Bc6 20. Rfd1 O-O 21. Qf3
f5 22. exf5 gxf5 23. Nxf5 Rf7 24. Qd3 Qf8 25. g4 Re8 26. c4 e4 27. Qb3 bxc4 28.
Qxc4 Bd7 29. Nde3 Kh7 30. Qc2 Re6 31. a4 Be5 32. h3 Kg8 33. a5 Rh7 34. Kg2 Rf6
35. Qxe4 Bxf5 36. Nxf5 Bxb2 37. Rab1 Be5 38. a6 Rhf7 39. Rb7 Rxf5 40. gxf5 Rxf5
41. Qd5+ Kh8 42. Rd2 Bf4 43. Re2 Rxd5 44. a7 Ra5 45. Rb8 Rf5 46. a8=Q 1-0

[Event "Candidates FED U16 Online"]
[Site "chess.com INT"]
[Date "2020.04.18"]
[Round "1.3"]
[Board "5"]
[White "Sumarriva Paulin, Laura"]
[Black "Huang, Wendy"]
[Result "1/2-1/2"]
[WhiteTitle "WFM"]
[WhiteElo "2023"]
[BlackElo "1860"]
[WhiteTeam "FRA"]
[BlackTeam "NED"]
[WhiteFideId "45102635"]
[BlackFideId "1060724"]
[EventDate "2020.04.18"]
[EventType "team (rapid)"]

1. e4 c5 2. Nc3 Nc6 3. g3 g6 4. Bg2 Bg7 5. d3 Nf6 6. Nge2 O-O 7. O-O d6 8. h3 e5
9. f4 Nd4 10. fxe5 dxe5 11. Bg5 Qd6 12. Qd2 Bd7 13. Rf2 Bc6 14. Raf1 Nd7 15. Nd5
Bxd5 16. exd5 Nxe2+ 17. Qxe2 Nb6 18. c4 Rae8 19. Bf6 Nd7 20. Bxg7 Kxg7 21. Qg4
a6 22. h4 h5 23. Qg5 Qe7 24. Qe3 Qd6 25. Bh3 b5 26. Bxd7 Qxd7 27. Qxc5 Rc8 28.
Qe3 bxc4 29. Qxe5+ Kg8 30. dxc4 Rxc4 31. Rf4 Qa7+ 32. Kh1 Rxf4 33. Qxf4 Qd7 34.
d6 Rd8 35. Rd1 Qh3+ 36. Kg1 Qe6 37. b3 Kg7 38. Qd4+ Kg8 39. d7 Qe7 40. a4 a5 41.
Qd6 Qe3+ 42. Kh2 Qf2+ 43. Kh3 Qf5+ 44. Kg2 Qe4+ 45. Kf1 Qf3+ 46. Kg1 Qe3+ 47.
Kg2 Qe2+ 48. Kh3 Qg4+ 49. Kh2 Qe2+ 50. Kg1 Qe3+ 1/2-1/2

[Event "Candidates FED U16 Online"]
[Site "chess.com INT"]
[Date "2020.04.18"]
[Round "2.1"]
[Board "1"]
[White "Nihal, Sarin"]
[Black "Han, Yichen"]
[Result "1-0"]
[WhiteTitle "GM"]
[BlackTitle "FM"]
[WhiteElo "2620"]
[BlackElo "2307"]
[WhiteTeam "FIDE"]
[BlackTeam "NED"]
[WhiteFideId "25092340"]
[BlackFideId "1054430"]
[EventDate "2020.04.18"]
[EventType "team (rapid)"]

1. d4 d5 2. Nf3 Nf6 3. Bf4 c5 4. e3 Nc6 5. Nbd2 Bg4 6. c3 e6 7. Qa4 cxd4 8. exd4
Bxf3 9. Nxf3 Bd6 10. Bg3 O-O 11. Bd3 Nh5 12. Qc2 h6 13. O-O Nxg3 14. hxg3 Qc7
15. Rad1 Rab8 16. Qe2 a6 17. g4 Qe7 18. g3 e5 19. dxe5 Nxe5 20. Bf5 g6 21. Nxe5
Qxe5 22. Qxe5 Bxe5 23. Rxd5 Bf6 24. Be4 Rfd8 25. Rfd1 Rxd5 26. Rxd5 Re8 27. f3
Re7 28. Kf2 Kg7 29. Rd6 Be5 30. Rb6 Rd7 31. f4 Rd2+ 32. Ke3 Rd6 33. Rxb7 Bf6 34.
a4 Bd8 35. b4 Bf6 36. c4 Bd4+ 37. Kf3 Bc3 38. Bd5 Rf6 39. b5 axb5 40. axb5 Bd4
41. Ke4 Bb6 42. Bxf7 Bf2 43. Bxg6+ Kf8 44. Bf5 Bxg3 45. c5 Bf2 46. c6 1-0

[Event "Candidates FED U16 Online"]
[Site "chess.com INT"]
[Date "2020.04.18"]
[Round "2.1"]
[Board "2"]
[White "Elgersma, Onno"]
[Black "Abdusattorov, Nodirbek"]
[Result "0-1"]
[WhiteTitle "FM"]
[BlackTitle "GM"]
[WhiteElo "2298"]
[BlackElo "2627"]
[WhiteTeam "NED"]
[BlackTeam "FIDE"]
[WhiteFideId "1053531"]
[BlackFideId "14204118"]
[EventDate "2020.04.18"]
[EventType "team (rapid)"]

1. d4 d5 2. Nf3 Nf6 3. Bf4 e6 4. e3 Bd6 5. Bg3 c5 6. c3 O-O 7. Nbd2 Nc6 8. Bb5
Be7 9. Bd3 Nh5 10. Ne5 g6 11. Ndf3 Bd7 12. O-O Be8 13. Qe2 Rc8 14. Nxc6 bxc6 15.
dxc5 Nxg3 16. hxg3 Bxc5 17. e4 Qb6 18. Rab1 Be7 19. g4 Bf6 20. e5 Bg7 21. c4
dxc4 22. Bxc4 c5 23. g5 Bc6 24. Nh2 Rfd8 25. Rfd1 Rd4 26. Rxd4 cxd4 27. Ng4 Qc5
28. Bd3 Bb7 29. f3 Bf8 30. Nf6+ Kh8 31. Kf2 Bg7 32. Rh1 h6 33. Ng4 Kg8 34. Nxh6+
Bxh6 35. gxh6 Kh7 36. Re1 Qe7 37. Rh1 Qg5 38. g3 Rc5 39. f4 Qd8 40. Rg1 Qd5 41.
a3 Kxh6 42. g4 Kg7 43. g5 Rc8 44. Qg4 Rh8 45. Qg3 Qb3 46. Be2 Qxb2 47. Rd1 Ba6
48. Qf3 Bxe2 0-1

[Event "Candidates FED U16 Online"]
[Site "chess.com INT"]
[Date "2020.04.18"]
[Round "2.1"]
[Board "3"]
[White "Keymer, Vincent"]
[Black "Van Dael, Siem"]
[Result "1-0"]
[WhiteTitle "GM"]
[BlackTitle "FM"]
[WhiteElo "2558"]
[BlackElo "2293"]
[WhiteTeam "FIDE"]
[BlackTeam "NED"]
[WhiteFideId "12940690"]
[BlackFideId "1049771"]
[EventDate "2020.04.18"]
[EventType "team (rapid)"]

1. c4 Nf6 2. Nc3 c6 3. Nf3 d5 4. e3 e6 5. b3 Nbd7 6. Bb2 Bd6 7. Qc2 O-O 8. d4
Re8 9. Be2 b6 10. O-O Bb7 11. Rad1 Qe7 12. Rfe1 a6 13. Bd3 e5 14. e4 dxc4 15.
Bxc4 b5 16. Bf1 Rad8 17. Ne2 Bb8 18. Ng3 g6 19. a4 exd4 20. Bxd4 c5 21. Ba1 Bc6
22. axb5 axb5 23. Nd4 cxd4 24. Qxc6 Ne5 25. Qxb5 Ba7 26. Qa4 Nfg4 27. Bxd4 Bxd4
28. Rxd4 Qf6 29. Re2 Rxd4 30. Qxe8+ Kg7 31. h3 Nh6 32. Qa8 Rb4 33. Qa2 Qe6 34.
Re3 Qf6 35. Qd2 Rb8 36. Rc3 Rd8 37. Qe3 Rd1 38. Rc1 Nhg4 39. hxg4 Nxg4 40. Rxd1
Nxe3 41. fxe3 Qc3 42. Rd3 Qe1 43. Ne2 h5 44. e5 h4 45. Nf4 g5 46. Ne2 g4 47. Rd4
g3 48. Rf4 Qd2 49. Rxh4 Qxe3+ 50. Kh1 Qxe5 51. Rg4+ Kf6 52. Rxg3 Qh5+ 53. Rh3
Qb5 54. Rf3+ Kg7 55. Ng3 Qb4 56. Bc4 Qe1+ 57. Kh2 f6 58. Nh5+ Kg6 59. Nxf6 Qh4+
60. Kg1 Qe1+ 61. Bf1 Qd1 62. Ng4 Qd4+ 63. Nf2 Kg5 64. g3 Kg6 65. Kg2 Kg5 66. Bd3
Kh6 67. Be4 Qb4 68. Bd5 Qd4 69. Bc4 Kg7 70. g4 Kg6 71. Bd3+ Kg7 72. Bf5 Kg8 73.
Nh3 Kg7 74. Nf4 Qd2+ 75. Rf2 Qe3 76. Rf3 Qd2+ 77. Kh3 Qe1 78. Ng2 Qh1+ 79. Kg3
Qd1 80. Re3 Qd6+ 81. Nf4 Qd2 82. Re7+ Kf6 83. Re6+ Kg7 84. g5 Qc3+ 85. Kg4 Qxb3
86. Nh5+ Kf8 87. Rf6+ Ke7 88. Re6+ Kf8 89. g6 Qd1+ 90. Kg5 Qd2+ 91. Nf4 Qc1 92.
Rf6+ Ke8 93. g7 Qg1+ 94. Kh6 Qh2+ 95. Nh5 Qd2+ 96. Kh7 1-0